| 000 | 00695nam a22001937a 4500 | ||
|---|---|---|---|
| 999 |
_c4513 _d4513 |
||
| 001 | 12461 | ||
| 003 | BD-DhUAP | ||
| 005 | 20201112105735.0 | ||
| 008 | 201112s2004 bg ||||| |||| 00| 0 ben d | ||
| 020 | _a9843108078 | ||
| 040 |
_aBD-DhUAP _bBen _cBD-DhUAP _dBD-DhUAP |
||
| 082 |
_223 _a954.14 ISL |
||
| 100 | _aইসলাম, কাবেদুল। | ||
| 245 |
_aপ্রাচীন বাংলার জনপদ ও জনজাতিগোষ্ঠী / _cকাবেদুল ইসলাম। |
||
| 260 |
_aঢাকা : _bউত্তরণ, _cc২০০৪। |
||
| 300 |
_a২৩২ পৃষ্ঠা ; _c২২ সেমি. |
||
| 651 |
_aBangladesh _vHistory. |
||
| 942 |
_2ddc _cBK |
||